000 00843nam a22002177a 4500
999 _c4432
_d4432
003 AR-CdUCM
008 190308b ||||| |||| 00| 0 spa d
040 _aMUNICIPALIDAD PROVINCIAL DEL CUSCO
_cBIBLIOTECA MUNICIPAL DEL CUSCO
082 _a860.5 /
_bB15
110 _aBaháulláh
_913957
245 _aBaháullán /
260 _aTrujillo :
_bEditora la elite,
300 _a55 paginas ;
_c21 cm.
505 _aContenido :El nacimiento de una nueva revelación -- El exilio -- La declaración del jardín de Ridván -- La manifestación de Dios -- Una civilización en permanente avance -- Arribo a la tierra santa ...
650 _aLiteratura estadounidense
_911000
650 _aLiteratura peruana
_9169
650 _aComunidad internacional
_913958
700 _aPopp, Conrad (traductor)
_913959
942 _2ddc
_cLIBROS
945 _arum